000 00681nam a2200241Ia 4500
003 OSt
005 20221006164257.0
006 a|||||r|||| 00| 0
007 ta
008 221006b |||||||| |||| 00| 0 hin d
024 _a3,812
037 _cTextual
040 _aFML
_cFML
_bhin
041 _2hin
_ahin
082 _aO15,2D40, S8:g, 152M3 -;1
100 _aKalidas Au.
_9182767
245 0 _aShrut Bodh
260 _aNew Delhi
_bMotilal Banarasidas and Co.
_c1983
300 _a55
_ccm.
700 _a Pandey Sushma Tr.
_9677025
942 _hO15,2D40, S8:g, 152M3 -;1
_cTEXL
_2CC
999 _c1116709
_d1116709